Wortindex zum spaten Totenbuch : (pTurin 1791)
Saved in:
| Main Author: | |
|---|---|
| Format: | Book |
| Language: | German |
| Published: |
Wiesbaden :
Harrassowitz,
2005
|
| Series: | Studien zum Altagyptischen Totenbuch ;
; 9 |
| Subjects: | |
| Tags: |
Add Tag
No Tags, Be the first to tag this record!
|
MARC
| LEADER | 00000nam a2200000 i 4500 | ||
|---|---|---|---|
| 001 | 1/77543 | ||
| 008 | 080317s2005 ger d | ||
| 020 | |a 3-447-05258-9 | ||
| 035 | |l 10095482 | ||
| 040 | |a GR-MY-UA |b gre |e aacr | ||
| 041 | 0 | |a ger | |
| 082 | 0 | |a 299.31 |2 (22) | |
| 100 | 1 | |a Backes, Burkhard. | |
| 245 | 1 | 0 | |a Wortindex zum spaten Totenbuch : |b (pTurin 1791) / |c Burkhard Backes ; unter Mitarbeit von Irmtraut Munro und Simone Stohr |
| 260 | |a Wiesbaden : |b Harrassowitz, |c 2005 | ||
| 300 | |a x, 198 σ.; |c 24 εκ. | ||
| 490 | 1 | |a Studien zum Altagyptischen Totenbuch |v ; 9 | |
| 651 | 0 | |a Egypt |x Religion. | |
| 700 | 1 | |a Munro, Irmtraut. |4 oth | |
| 700 | 1 | |a Stohr, Simone. |4 oth | |
| 830 | 0 | |a Studien zum Altagyptischen Totenbuch ; |v ; 9 | |
| 852 | |a INST |b RHODES |e 20080317 |h 299.31 BAC |p 005400029718 |q 005400029718 |t REF |y 23 | ||
| 901 | |a BIBL4-2008-1 | ||
| 909 | |a Ρ |b 151034 | ||
| 922 | |a 4ΕΛΗ |b 200802 |c ΕΠΕΑΕΚ2/ΤΜΣ |d ΕΛΕΥΘΕΡΟΥΔΑΚΗΣ | ||
| 970 | |a ΧΑΡΙΟΠΟΛΙΤΟΥ |b ΚΩΝΣΤΑΝΤΙΝΑ |z 2008/03/17 | ||